[Event "Romanian-ch Open 2022"]
[Site "Eforie Nord"]
[Date "2022.02.22"]
[Round "4.26"]
[White "Chis, Bogdan-Vasile"]
[Black "Coicev, Matei-Andrei"]
[Result "1-0"]
[WhiteElo "1685"]
[BlackElo "1970"]
[Annotator "TA"]
[PlyCount "87"]
[EventDate "2022.02.20"]
[EventType "swiss"]
[EventCountry "ROU"]
[SourceTitle "playchess.com"]
[Source "ChessBase"]
[SourceQuality "1"]

{[%evp 11,87,13,18,11,20,26,25,9,12,0,17,-33,-23,-36,-11,-10,-17,-17,-29,-27,-39,-100,-109,-108,-62,-74,-66,-73,-61,-137,-125,-208,-21,-33,0,0,23,-25,0,-26,27,27,223,218,213,115,108,113,117,115,130,120,155,136,149,136,158,151,151,155,130,134,372,362,356,302,547,526,509,494,2764,2420,2125,586,5114,2736,1894,1616]} 1. e4 e5 2. Nf3 Nc6 3. d4 exd4 4. Nxd4 Bc5 5. Nxc6 Qf6 6. Qf3 dxc6 7. Bc4 {C45: Scotch Game.} Qg6 8. Nc3 {[%cal Bb1c3,Bc3a4,Ba4c5][%mdl 32] [#]} Be6 $146 ({Predecessor:} 8... Nf6 9. h3 Be6 10. Bd3 Nd7 11. Bf4 Bd4 12. Bxc7 Ne5 13. Bxe5 Bxe5 14. O-O Qg5 {0-1 (32) Zhang,Z (2619)-Fressinet,L (2702) Berlin 2015}) 9. Bxe6 {White has an edge.} Qxe6 10. O-O O-O-O {[%cal Be8c8,Bc8b8,Bb8a8][%mdl 32]} 11. Bf4 (11. Be3 $11 Bb4 12. Bg5 (12. Bxa7 Nf6 $11)) 11... Nf6 $15 12. Na4 Bd4 (12... Nxe4 $2 13. Rae1 Qd5 14. Rxe4 $18) 13. c3 Be5 14. Nc5 Qe7 15. Be3 Kb8 16. Qe2 (16. Rfe1 $15) 16... Bd6 $1 $17 {[%csl LRc5,LRe4]} 17. b4 Bxc5 ({Better is} 17... Qe5 $1 $17 {[%csl Gd6][%cal Re5h2]} 18. g3 Bxc5 19. Bxc5 Qxe4) 18. bxc5 $15 Qxe4 19. Rab1 {And now Qb2 would win.} Ka8 $1 20. Rb4 (20. Qb2 $1 $15 Rb8 21. Rfe1) 20... Qd3 $17 21. Qb2 (21. Qxd3 $17 Rxd3 22. Bd4) 21... Rb8 $2 (21... Nd5 $1 $19 22. Rd4 (22. Rxb7 $2 Nxc3 23. Re1 Nb5 $19) 22... Qxc3 23. Qxc3 Nxc3) 22. c4 Rhd8 23. h3 $1 Ne4 24. Rc1 {To avoid Qc3} (24. Rb3 $142 Qd7 25. Rb1) 24... Ng3 {Strongly threatening ...Ne2+.} 25. Re1 {[#] Inhibits Ne2+.} Nf5 (25... Qd1 $142 $1 26. Rxd1 (26. Qb1 Ne2+) 26... Rxd1+ 27. Kh2 Nf1+ 28. Kh1 Nd2+ 29. Kh2 Nf1+ 30. Kh1 Nxe3+ 31. Kh2 a5) 26. Bf4 $11 Qd4 $2 (26... Rdc8 $11 {and Black stays safe.}) 27. Bxc7 {Threatens to win with Qa3.} Re8 {[#]} 28. Rxe8 (28. Rb1 $1 $18 Qxb2 29. R1xb2 (29. R4xb2 Rbc8 $18)) 28... Rxe8 $16 29. Rxb7 {Intending Rb8+ and mate. Dancing on a razor blade.} Qxb2 30. Rxb2 $18 {[%mdl 4096] Endgame KRB-KRN} Rc8 31. Bf4 {White is more active.} f6 32. g4 Nd4 33. Kg2 Ne6 34. Bd6 Re8 35. f4 g6 36. Kf2 f5 $2 (36... Nd4 $16 {was necessary.} 37. Kf1 Ne6) 37. Re2 Kb7 38. Re5 Ng7 $2 (38... fxg4 {might work better.} 39. hxg4 Ng7 40. Rxe8 Nxe8) 39. Rxe8 {White is clearly winning.} Nxe8 40. gxf5 Nf6 (40... gxf5 $142 41. Be5 Ka6) 41. fxg6 hxg6 42. Ke3 (42. Kf3 $142 {[%cal Of4f5] Black must now prevent f5!} Kc8 43. f5) 42... Nh5 43. Ke4 Kc8 44. f5 {Quite a comeback for White.  Weighted Error Value: White=0.40/Black=0.42} 1-0

[Event "Romanian-ch Open 2022"]
[Site "Eforie Nord"]
[Date "2022.02.22"]
[Round "4.27"]
[White "Zaim, Marian"]
[Black "Visanescu, Dragos-Nicholas"]
[Result "1/2-1/2"]
[WhiteElo "1964"]
[BlackElo "1781"]
[Annotator "NA"]
[PlyCount "120"]
[EventDate "2022.02.20"]
[EventType "swiss"]
[EventCountry "ROU"]
[SourceTitle "playchess.com"]
[Source "ChessBase"]
[SourceQuality "1"]
[TimeControl "40/5400+30:900+30"]

1. g3 {[%emt 0:00:02]} d5 {[%emt 0:00:14]} 2. Bg2 {[%emt 0:00:38]} Nf6 {[%emt 0:00:09]} 3. c4 {[%emt 0:00:15]} e6 {[%emt 0:00:05]} 4. Nf3 {[%emt 0:00:35]} Be7 {[%emt 0:00:05]} 5. O-O {[%emt 0:00:38]} O-O {[%emt 0:00:14]} 6. b3 {[%emt 0:01:07]} b6 {[%emt 0:00:06]} 7. Bb2 {[%emt 0:00:56]} Bb7 {[%emt 0:00:08]} 8. d3 {[%emt 0:02:13]} c5 {[%emt 0:01:22]} 9. e3 {[%emt 0:00:47]} Nc6 {[%emt 0:01:02]} 10. Qe2 {[%emt 0:01:46]} Qc7 {[%emt 0:01:15]} 11. Nc3 {[%emt 0:01:36]} a6 {[%emt 0:04:08]} 12. Rfd1 {[%emt 0:05:25]} Rad8 {[%emt 0:12:11]} 13. cxd5 {[%emt 0:05:44]} exd5 {[%emt 0:03:04]} 14. d4 {[%emt 0:03:23]} cxd4 {[%emt 0:08:38]} 15. Nxd4 {[%emt 0:03:46]} Nxd4 {[%emt 0:03:01]} 16. Rxd4 {[%emt 0:01:04]} Bc5 {[%emt 0:00:43]} 17. Rdd1 {[%emt 0:02:07]} d4 {[%emt 0:03:19]} 18. exd4 {[%emt 0:00:15]} Bxd4 {[%emt 0:00:25]} 19. Rxd4 {[%emt 0:03:18]} Rxd4 {[%emt 0:04:21]} 20. Nb5 {[%emt 0:00:01]} axb5 {[%emt 0:01:15]} 21. Bxd4 {[%emt 0:00:03]} Bxg2 {[%emt 0:03:44]} 22. Kxg2 {[%emt 0:00:02]} Qd6 {[%emt 0:07:46]} 23. Bb2 {[%emt 0:09:50]} b4 {[%emt 0:04:55]} 24. Rd1 {[%emt 0:03:39]} Qc6+ {[%emt 0:05:23]} 25. Qf3 {[%emt 0:00:02]} Qe6 {[%emt 0:01:00]} 26. Rd4 {[%emt 0:03:35]} Qe7 {[%emt 0:13:19]} 27. Rf4 {[%emt 0:03:20]} Rd8 {[%emt 0:08:16]} 28. Rxf6 {[%emt 0:07:09]} gxf6 {[%emt 0:00:37]} 29. Bxf6 {[%emt 0:00:06]} Qd7 {[%emt 0:00:30]} 30. Bxd8 {[%emt 0:00:11]} Qxd8 {[%emt 0:00:03]} 31. Qg4+ {[%emt 0:00:09]} Kh8 {[%emt 0:01:06]} 32. Qxb4 {[%emt 0:00:21]} Qd5+ {[%emt 0:03:03]} 33. f3 {[%emt 0:01:00]} Qd8 {[%emt 0:00:34]} 34. Qc3+ {[%emt 0:00:39]} Kg8 {[%emt 0:00:17]} 35. a4 {[%emt 0:00:19]} Qd1 {[%emt 0:01:43]} 36. Qe3 {[%emt 0:01:44]} Qc2+ {[%emt 0:01:00]} 37. Kh3 {[%emt 0:00:33]} Qc6 {[%emt 0:02:21]} 38. b4 {[%emt 0:05:50]} Qxa4 {[%emt 0:01:53]} 39. Qxb6 {[%emt 0:01:42]} Qd7+ {[%emt 0:00:08]} 40. g4 {[%emt 0:00:00]} Qd1 {[%emt 0:00:00]} 41. Qe3 {[%emt 0:03:25]} Qb1 {[%emt 0:03:38]} 42. Qg5+ {[%emt 0:02:58]} Kf8 {[%emt 0:01:16]} 43. Qc5+ {[%emt 0:00:36]} Kg8 {[%emt 0:00:40]} 44. b5 {[%emt 0:01:51]} Qf1+ {[%emt 0:01:01]} 45. Kg3 {[%emt 0:00:01]} Qe1+ {[%emt 0:00:16]} 46. Kf4 {[%emt 0:00:15]} Qd2+ {[%emt 0:00:27]} 47. Kg3 {[%emt 0:10:19]} Qe1+ {[%emt 0:00:40]} 48. Kh3 {[%emt 0:01:17]} Qf1+ {[%emt 0:01:15]} 49. Kh4 {[%emt 0:00:23]} Qxf3 {[%emt 0:10:28]} 50. Qg5+ {[%emt 0:04:35]} Kf8 {[%emt 0:00:42]} 51. Qf5 {[%emt 0:00:47]} Qe2 {[%emt 0:02:09]} 52. h3 {[%emt 0:01:21]} Qe7+ {[%emt 0:01:47]} 53. g5 {[%emt 0:03:35]} h6 {[%emt 0:01:53]} 54. Kh5 {[%emt 0:01:25]} hxg5 {[%emt 0:00:48]} 55. Qxg5 {[%emt 0:00:16]} Qe2+ {[%emt 0:00:26]} 56. Kh4 {[%emt 0:02:34]} Qe1+ {[%emt 0:00:16]} 57. Kg4 {[%emt 0:00:23]} Qg1+ {[%emt 0:00:23]} 58. Kh5 {[%emt 0:01:05]} Qd1+ {[%emt 0:00:24]} 59. Kh4 {[%emt 0:01:24]} Qe1+ {[%emt 0:00:43]} 60. Kh5 {[%emt 0:03:07]} Qe3 {[%emt 0:02:55]} 1/2-1/2

[Event "Romanian-ch Open 2022"]
[Site "Eforie Nord"]
[Date "2022.02.22"]
[Round "4.28"]
[White "Craciun, Dorian-Raul"]
[Black "Radu, David Cr."]
[Result "0-1"]
[WhiteElo "1385"]
[BlackElo "1960"]
[Annotator "TA"]
[PlyCount "65"]
[EventDate "2022.02.20"]
[EventType "swiss"]
[EventCountry "ROU"]
[SourceTitle "playchess.com"]
[Source "ChessBase"]
[SourceQuality "1"]

{[%evp 13,65,-18,-10,-17,1,-55,-37,-111,-102,-156,-151,-157,-157,-143,-44,-258,-245,-254,-261,-250,-248,-244,-228,-233,-215,-215,-205,-202,-211,-217,-167,-170,-163,-166,-141,-145,-130,-166,-166,-188,-160,-221,-185,-339,-332,-356,-319,-440,-428,-1236,-1202,-1435,-1387,-1260]} 1. f4 d5 2. b3 Nf6 3. Bb2 g6 4. Nf3 Bg7 5. g3 O-O 6. Bg2 c5 7. O-O Nc6 8. e3 {A02: Bird's Opening.} d4 9. Qe2 (9. Na3 $11) 9... Bf5 $15 {[#]} 10. d3 $146 (10. Ne1 $15) ({Predecessor:} 10. exd4 cxd4 11. d3 Nd5 12. Nbd2 Ne3 13. Rfc1 Nb4 14. Nc4 Nexc2 15. Rxc2 Bxd3 16. Qd2 Nxc2 17. Qxd3 Nxa1 18. Bxa1 {0-1 (25) Falcon Perez,G (2147)-Capo Vidal,U (2334) Mexico City 2021}) 10... dxe3 $1 $17 11. Nc3 (11. Na3 $142) 11... Nd4 {Black is more active.} 12. Nxd4 cxd4 13. Nb5 Nd5 ({Black should try} 13... Bg4 $17 14. Bf3 Bxf3 15. Qxf3 Ne8 16. Qxb7 Nd6 17. Nxd6 Qxd6) 14. Bxd4 $2 {Loses the game.} ({White has to play} 14. Nxd4 $15 Nb4 15. Nxf5 Bxb2 16. Rab1) 14... Bxd4 $19 15. Nxd4 {[#]} Nc3 $1 {[%csl LRd4,LRe2]} 16. Qxe3 {[#]} Qxd4 {[%mdl 512]} 17. Rfe1 Qxe3+ 18. Rxe3 Be6 19. Bxb7 Rab8 20. Ba6 Nd5 21. Re2 Nb4 22. Bc4 Bxc4 23. dxc4 e6 24. c3 Nc6 25. Kf2 Rfd8 26. Rae1 a5 {[%cal Ba7a5,Ba5a4][%mdl 32]} 27. Rb2 (27. Ke3 $17) 27... Kf8 28. a3 $2 (28. Ree2) 28... a4 29. b4 {[#]} Na5 $1 {[%mdl 512]} 30. c5 (30. Re4 f5) 30... Rd3 {Black is clearly winning.} 31. Re3 (31. Rbb1 $142 Nc4 32. Rec1) 31... Rxe3 32. Kxe3 Nc4+ 33. Kd4 {Weighted Error Value: White=0.69/Black=0.14 (very precise)} 0-1

[Event "Romanian-ch Open 2022"]
[Site "Eforie Nord"]
[Date "2022.02.22"]
[Round "4.29"]
[White "Negrean, Andrei"]
[Black "Craciun, Gheorghe"]
[Result "1-0"]
[WhiteElo "1941"]
[BlackElo "1655"]
[Annotator "TA"]
[PlyCount "129"]
[EventDate "2022.02.20"]
[EventType "swiss"]
[EventCountry "ROU"]
[SourceTitle "playchess.com"]
[Source "ChessBase"]
[SourceQuality "1"]

{[%evp 22,129,0,0,0,0,0,-9,0,0,0,0,0,-2,16,-20,0,-60,-14,-7,0,0,0,0,0,-12,-18,-66,-75,-129,-117,-126,-128,-174,-150,-193,-186,-181,-176,-180,-156,-181,-177,-161,-162,-157,-146,-141,-133,-138,-127,-122,-106,-99,-86,-95,-77,-85,-77,-89,-63,-157,-158,-129,-125,-125,0,0,0,0,0,0,383,356,463,442,455,413,409,393,454,400,859,827,1545,1474,1971,2035,1275,1180,1033,8,16,16,16,16,16,16,21,24,5277,3210,1670,685,12839,12839,12841,12842,12842,12840]} 1. e4 c5 2. Nf3 d6 3. d4 cxd4 4. Nxd4 Nf6 5. Nc3 a6 6. Be2 e5 7. Nb3 Be6 8. O-O Be7 9. Kh1 O-O 10. f4 exf4 11. Bxf4 Nc6 12. Qd2 Qc7 {[#] B92: Sicilian Najdorf: 6 Be2.} 13. Rad1 $146 ({Predecessor:} 13. a4 Rad8 14. a5 Rfe8 15. Nd5 Bxd5 16. exd5 Ne5 17. c4 Rc8 18. Rac1 Bf8 19. Be3 Ne4 20. Qc2 Nc5 21. Bd2 Nxb3 22. Qxb3 g6 23. Qg3 Bg7 24. b4 Qd7 25. Qb3 {½-½ (25) Kuczynski,R (2430)-Staniszewski,P (2454) Polanica Zdroj 1999}) 13... Rfd8 14. Nd4 Ne5 {The position is equal.} 15. Nf5 Bxf5 16. exf5 Rac8 17. a4 Qb6 18. Rb1 Qc7 19. Bd3 ({White should play} 19. Rbd1 $11) 19... Nxd3 (19... d5 $15) 20. Qxd3 $11 Qc4 21. Rbd1 d5 22. Be5 {Inhibits d4.} Kf8 23. h3 Ne4 24. Kh2 (24. Bd4 $11) 24... f6 $15 25. Qxc4 (25. Nxe4 $142 fxe5 26. f6 Qxd3 27. fxe7+ Kxe7 28. Rxd3 (28. cxd3 dxe4 29. dxe4 Rxd1 $17) 28... dxe4 29. Rxd8 Rxd8 30. Re1) 25... Rxc4 $17 26. Bd4 Nxc3 27. bxc3 (27. Bxc3 $17 {is a better defense.} d4 28. Be1 (28. Ba5 Rd7 $17)) 27... Rxa4 $19 28. Ra1 (28. Kg1 $17 {was called for.}) 28... Rc4 29. Rfb1 Rd7 30. Ra5 Rc6 31. Ra4 b5 32. Ra2 Bd6+ 33. Kg1 Be5 34. Rba1 Bxd4+ 35. cxd4 $17 {[%mdl 4096] Endgame KRR-KRR} Rdd6 36. Kf2 Kf7 37. Ke2 Ke7 38. Kd2 Kd7 39. c3 Kc7 40. Re1 Rd7 41. Kd3 (41. g3 $15) 41... Kb6 $1 42. Re8 Rdc7 43. Ra3 {[#]} Kb7 {To avoid Rb8+} ({Black should try} 43... Rc8 $1 $17 {[%cal Rc8e8]} 44. Re7 Rg8) 44. Rd8 $11 Kb6 45. Rxd5 Re7 46. Rd8 Rc4 $2 {[%mdl 8192]} (46... Rec7 $11) 47. Rd6+ $18 Rc6 48. Rxc6+ Kxc6 49. Rxa6+ {KR-KR} Kb7 50. Re6 Rd7 51. g4 h6 (51... Rc7 $142 52. h4 h6) 52. c4 bxc4+ 53. Kxc4 Kc7 54. d5 {And now Kc5 would win.} Kd8 55. Ra6 {d6 is the strong threat.} Rc7+ {[#]} 56. Kd4 $2 (56. Rc6 $1 $18 {[%cal Rc6c7] aiming for Rxc7.} Re7 57. Rd6+ Kc8 58. Ra6) 56... Kd7 $11 57. Ra8 Kd6 58. Rd8+ Ke7 59. Rg8 Kd6 60. Ra8 Rd7 $2 {[%mdl 8192] This costs Black the game.} (60... Rb7 $11) 61. Ra6+ $18 {White is clearly winning.} Ke7 62. Re6+ (62. Kc5 $142 Rc7+ 63. Rc6) 62... Kf7 63. d6 Ra7 64. Kc5 Kf8 65. Kb6 {Weighted Error Value: White=0.38/Black=0.31} 1-0

[Event "Romanian-ch Open 2022"]
[Site "Eforie Nord"]
[Date "2022.02.22"]
[Round "4.30"]
[White "Rosu, Adrian Haralambie"]
[Black "Prelipcean, Eric-Matei"]
[Result "0-1"]
[WhiteElo "1550"]
[BlackElo "1935"]
[Annotator "TA"]
[PlyCount "76"]
[EventDate "2022.02.20"]
[EventType "swiss"]
[EventCountry "ROU"]
[SourceTitle "playchess.com"]
[Source "ChessBase"]
[SourceQuality "1"]

{[%evp 20,76,0,0,62,72,87,67,75,26,47,43,132,103,75,48,44,80,149,97,189,132,340,338,366,325,345,302,248,0,0,0,0,0,0,0,60,65,40,47,54,51,38,0,0,-8,0,0,0,0,0,0,-5,-84,-31,-71,-59,-400,-376]} 1. e4 c5 2. c3 Nf6 3. e5 Nd5 4. d4 cxd4 5. cxd4 Nc6 6. Nf3 d6 7. Bc4 e6 8. O-O Be7 9. Qe2 O-O 10. Nc3 Nxc3 11. bxc3 d5 {B22: Sicilian: 2 c3.} (11... dxe5 $11 12. dxe5 (12. Nxe5 Nxe5 13. Qxe5 Bd6 $11) 12... Qa5) 12. Bd3 $14 Na5 13. Qc2 h6 {[#] White is slightly better.} 14. h4 $146 (14. Qd2 $1 $16) ({Predecessor:} 14. Bf4 Nc4 15. a4 Qc7 16. Qc1 b6 17. Re1 Rb8 18. Bb1 h5 19. Bg5 b5 20. Qf4 bxa4 {1-0 (28) Papin,V (2425)-Tulay Berkay,K (2179) Istanbul 2005}) 14... Bd7 $11 15. Qe2 (15. Qd2 $5 {[%cal Rd3b1]}) 15... Bxh4 (15... Rc8 $14) 16. g3 Be7 17. Kg2 f5 18. exf6 $1 Rxf6 (18... Bxf6 $142 19. Bc2 Nc4) 19. Ne5 $16 {And now Rh1 would win.} Be8 (19... Bd6 $16 {is a better defense.}) 20. Ng4 ({White should try} 20. Rh1 $18) 20... Bd6 $2 (20... Bf8 $16 21. Nxf6+ Qxf6) 21. Rh1 $18 ({Weaker is} 21. Nxf6+ Qxf6 22. Re1 Bf7 $14) 21... Bg6 {[#]} 22. Bxh6 $1 {[%mdl 512]} Bxd3 (22... gxh6 23. Rxh6) 23. Qxd3 {[%cal Oh6g7] aiming for Bxg7!} gxh6 {[#]} 24. Nxf6+ $2 (24. Rh4 $1 $18 Bf8 25. Rah1) 24... Qxf6 $11 25. Rh4 $1 {[%cal Bh1h4,Bh4f4,Bf4g4,Bg4g6][%mdl 32]} Rf8 26. Qe2 {Black must now prevent Rah1.} Rf7 27. Rah1 Bf8 (27... Rh7 $1 $11) 28. Rf4 $14 {[%mdl 1024] White has compensation.} Qe7 {Strongly threatening ...Rxf4.} 29. Rg4+ Kh8 30. Rg6 Nc4 31. Qg4 {White wants to mate with Rg8+.} Rf6 32. Rhxh6+ {[%mdl 64] Decoy} Bxh6 {[%cal Bf8h6,Bh6d2,Bd2c3][%mdl 32] Dancing on a razor blade.} 33. Qh4 {[%csl LRf6,LRh6]} Rxf2+ 34. Kxf2 Qxh4 35. gxh4 Bd2 36. Rg3 (36. Ke2 $11 {remains equal.}) 36... Nd6 (36... Kh7 $17 {Hoping for ...Nd6.} 37. Ke2 Kh6) 37. Ke2 Ne4 {[%csl LRc3,LRg3]} 38. Rd3 {[%mdl 8192]} (38. Rg6 $15) 38... Bxc3 {What a bad dream for White.  Weighted Error Value: White=0.50/Black=0.30} 0-1

[Event "Romanian-ch Open 2022"]
[Site "Eforie Nord"]
[Date "2022.02.23"]
[Round "5.1"]
[White "Nanu, Costica-Ciprian"]
[Black "Parligras, Mircea-Emilian"]
[Result "0-1"]
[WhiteElo "2513"]
[BlackElo "2575"]
[Annotator "TA"]
[PlyCount "92"]
[EventDate "2022.02.20"]
[EventType "swiss"]
[EventCountry "ROU"]
[SourceTitle "playchess.com"]
[Source "ChessBase"]
[SourceQuality "1"]

{[%evp 12,92,22,18,35,22,20,14,24,22,14,18,18,7,15,18,18,16,14,0,0,0,12,0,0,0,10,-40,-45,-45,-47,-41,-25,-39,-22,-88,-75,-64,-39,-34,-47,-50,-42,-104,-107,-131,-128,-637,-610,-468,-269,-264,-255,-250,-249,-995,-980,-1861,-1859,-5547,-2460,-12830,-12831,-12831,-12832,-12832,-12831,-12835,-12830,-12833,-12156,-12829,-12821,-12833,-12835,-12838,-12838,-12844,-12844,-12843,-12844,-12844,-12844]} 1. c4 e6 2. Nf3 d5 3. d4 Nf6 4. Nc3 Bb4 5. cxd5 exd5 6. Bg5 h6 7. Bh4 Nbd7 {7...Bf5 is the modern continuation. D38: Queen's Gambit Declined: Ragozin Defence (4 Nf3 Bb4).} 8. e3 g5 9. Bg3 Ne4 $1 {The position is equal.} 10. Nd2 Nxg3 11. hxg3 Nb6 12. a3 Bf8 13. Bd3 c6 14. Qc2 Be6 {[#]} 15. Na4 $146 ({Predecessor:} 15. b4 a5 16. bxa5 Rxa5 17. a4 Nd7 18. Rb1 Ra7 19. Bf5 Qf6 20. Bxe6 Qxe6 21. O-O {1-0 (43) Eljanov,P (2719)-Van Kampen,R (2641) Germany 2015}) 15... Nxa4 16. Qxa4 h5 17. b4 a5 {White must now prevent ...axb4.} 18. b5 c5 19. dxc5 (19. b6+ $1 $11 Bd7 20. Bb5) 19... Bxc5 $15 20. Nb3 Bb6 21. Nd4 Qf6 22. Rc1 h4 (22... Ke7 {is more complex.} 23. Be2 Rag8 24. Rd1 h4 25. g4 Rc8) 23. Nxe6 (23. gxh4 $11 gxh4 24. Rh2 (24. Nxe6 fxe6 25. Qg4 Ke7 $15)) 23... fxe6 $17 24. gxh4 Rxh4 ({Reject} 24... Qb2 25. Rb1 Qe5 26. h5 $11) (24... Rf8 $5 {[%cal Rf6f2]} 25. O-O Rh8 $15) 25. Rxh4 gxh4 $40 {[%mdl 128] Black mounts an attack.} 26. Qg4 {Qg8+ is the strong threat.} Kd7 27. a4 {[#]} ({White should play} 27. Be2 $15) 27... Rf8 $1 28. Rc2 {[#]} ({Don't go for} 28. Qe2 $2 Qg5 29. f4 Qg3+ 30. Kd2 Rg8 $19) 28... Kd6 $1 ({Stronger than} 28... Qa1+ 29. Ke2 $15) 29. g3 $2 {[%mdl 8192] This move loses the game for White.} (29. Qh5 $17) 29... Qa1+ $19 30. Qd1 Qxd1+ (30... Qg7 $142 31. gxh4 Qg1+ 32. Kd2 Qxf2+ 33. Kc1 Bxe3+ 34. Kb1 Qxh4) 31. Kxd1 hxg3 32. fxg3 Bxe3 {[%mdl 4096] Endgame KRB-KRB} 33. Rh2 $2 (33. b6) 33... Rf2 {Black is clearly winning.} 34. Rxf2 Bxf2 {KB-KB} 35. g4 Bh4 {Strongly threatening ...e5.} 36. b6 Bd8 37. Ke2 e5 {[%cal Be6e5,Be5e4][%mdl 32]} 38. Bf5 e4 39. Bc8 Kc6 40. Be6 Bxb6 41. g5 Bd4 42. g6 Kd6 43. Bc8 b5 44. axb5 a4 {[%cal Ba5a4,Ba4a3][%mdl 32]} 45. b6 a3 46. b7 Kc7 {Weighted Error Value: White=1.01/Black=0.17 (very precise)} 0-1

[Event "Romanian-ch Open 2022"]
[Site "Eforie Nord"]
[Date "2022.02.23"]
[Round "5.2"]
[White "Badea, Bela"]
[Black "Lupulescu, Constantin"]
[Result "0-1"]
[WhiteElo "2413"]
[BlackElo "2620"]
[Annotator "TA"]
[PlyCount "56"]
[EventDate "2022.02.20"]
[EventType "swiss"]
[EventCountry "ROU"]
[SourceTitle "playchess.com"]
[Source "ChessBase"]
[SourceQuality "1"]

{[%evp 15,56,-14,-14,-25,-15,-26,-11,-22,-16,-42,-41,-38,-38,-43,-37,-37,-47,-45,-55,-43,-43,-176,-163,-159,-162,-155,-161,-234,-213,-210,-210,-282,-279,-408,-416,-416,-408,-569,-409,-670,-589,-499,-215]} 1. Nf3 d5 2. d3 Nf6 3. Nbd2 c5 4. g3 Nc6 5. Bg2 g6 6. e4 Bg7 7. O-O O-O 8. c3 e5 9. Qa4 {[#] A08: King's Indian Attack.} Qc7 $146 ({Predecessor:} 9... Qd7 10. exd5 Nxd5 11. Re1 b6 12. a3 Bb7 13. c4 Nde7 14. Ne4 Rad8 15. Bg5 f6 16. Bd2 Qxd3 {0-1 (32) Movsziszian,K (2509)-Alsina Leal,D (2553) Catalunya 2014}) 10. exd5 Nxd5 11. Qc4 {The position is equal.} Nce7 12. Nb3 b6 13. Re1 a5 14. Nxe5 Bxe5 15. Bxd5 Nxd5 16. Qxd5 {[#]} Bb7 $1 17. Qxe5 Qc6 {[%csl Gb7][%cal Rc6h1]} 18. Qe4 {To avoid Qh1+. Loses the game.} (18. Re4 $15 Rae8 19. Nd4 (19. Qf4 $2 f5 $19) 19... Qxe4 20. Qxe4 Bxe4 21. dxe4) 18... Rfe8 $19 {Threatens to win with ...f5.} 19. Bf4 {Qxc6 is the strong threat.} ({Don't go for} 19. Nxc5 $2 bxc5 20. Bf4 Rxe4 21. dxe4 f5 $19) 19... Rxe4 20. dxe4 Rd8 $40 {[%mdl 128] Black wants a kill.} 21. a4 (21. Nd2 $142) 21... Qe6 {[%mdl 1024] Black has strong compensation.} 22. Nd2 f6 23. h4 h6 24. Kh2 (24. Bxh6 {is a better defense.} g5 25. Rad1) 24... g5 {[%cal Bg6g5,Bg5h4][%mdl 32]} 25. Be3 Kf7 26. f3 gxh4 27. Nf1 (27. Re2 $142 hxg3+ 28. Kg2) 27... Bc8 {[#] Hoping for ...Qh3+.} 28. Kg1 Ke8 {Weighted Error Value: White=0.56/Black=0.13 (very precise)} (28... Ba6 $142 29. Bf4 Qh3) 0-1

[Event "Romanian-ch Open 2022"]
[Site "Eforie Nord"]
[Date "2022.02.23"]
[Round "5.3"]
[White "Antonica, Dragos-Andrei"]
[Black "Szabo, Gergely-Andras-Gyula"]
[Result "1/2-1/2"]
[WhiteElo "2350"]
[BlackElo "2524"]
[Annotator "TA"]
[PlyCount "56"]
[EventDate "2022.02.20"]
[EventType "swiss"]
[EventCountry "ROU"]
[SourceTitle "playchess.com"]
[Source "ChessBase"]
[SourceQuality "1"]

{[%evp 20,56,37,42,43,47,33,36,45,37,50,56,50,42,54,43,51,44,53,50,50,43,35,0,0,0,44,18,12,12,19,27,18,20,27,18,21,14,16]} 1. d4 {Marin,M} Nf6 2. c4 e6 3. Nc3 c5 4. d5 exd5 5. cxd5 d6 6. Nf3 g6 7. Nd2 Bg7 8. e4 O-O 9. Be2 Na6 10. O-O Nc7 11. a4 Re8 {A73: Modern Benoni: Classical: Unusual Black 9th moves.} 12. Re1 Rb8 13. Bf1 a6 {White is slightly better.} 14. a5 $1 {[#]} Bg4 $146 ({Predecessor:} 14... Bd7 15. Nc4 Bb5 16. Bf4 Bxc4 17. Bxc4 Nh5 18. Bd2 b5 19. axb6 Rxb6 20. Ra2 Qd7 {½-½ (50) Vachier Lagrave,M (2789)-Caruana,F (2804) Leuven 2016 CBM 173 [Marin,M]}) 15. f3 Bd7 16. Nc4 Bb5 17. Bg5 {[%cal Bc1g5,Bg5h4,Bh4f2][%mdl 32]} h6 18. Bh4 {Threatens to win with f4.} g5 19. Bf2 Bxc4 20. Bxc4 Nd7 21. Ne2 Bxb2 22. Rb1 Be5 (22... Qf6 $11 {might be stronger.}) 23. Qd2 b5 24. axb6 $1 Nb5 25. Bxb5 axb5 26. Rxb5 {Black must now prevent b7.} Rxb6 27. Rxb6 Qxb6 28. h4 Qb4 {Weighted Error Value: White=0.05 (flawless) /Black=0.04 (flawless)} 1/2-1/2